00595nam a2200145Ia 4500008004100000020002200041041000800063082002700071100002200098245007800120260003700198300000900235999001900244952018600263230411s9999 xx 000 0 und d a978-93-5025-207-9 aeng aF/610.73069/CLE/B06596 aClement I9119826 aNursing Solved Question Papers for General Nursing and Midwifery 2nd Year bJaypee BrothersaNew Delhic2010 a534p c156962d156962 001040708FaBTINbBTINd2011-02-25eJaypee Brothers Medical Publishersg350.00i4857l0oF 610.73069 CLE B06596pBTIN-BK-6596r2023-04-11 00:00:00v256.00w2011-02-25yBKzB06596